Word Ladder: Purple Rock Songs Quiz Stats

 Plays Quiz Updated Aug 7, 2016

Challenge
Share
Tweet
Embed
Score 0/14 Timer 02:00
0 Plays Today
Clue 4-Letter Word % Correct
♬ Prince and the Revolution song 'Purple ___' ♬♬ RAIN ♬
95.8%
Joan Jett's 'I ___ Myself for Loving You'HATE
94.2%
'Brand New Key' lyric 'I got a brand new ___ of roller skates...'PAIR
90.3%
Neil Young's '___ the Bullet'BITE
88.8%
Police song 'King of ___'PAIN
86.7%
Vehicle in a Queen race song, for shortBIKE
83.6%
♬ The Jimi Hendrix Experience song 'Purple ___' ♬♬ HAZE ♬
82.2%
Clue 4-Letter Word % Correct
'The Living Years' band ___ + The MechanicsMIKE
80.3%
Hanson's '___ It Out Alive'MAKE
80.2%
English singer Bush of 'Running Up That Hill'KATE
66.5%
Animal that 'eats oats' along with does in a 1940's novelty songMARE
65.8%
The Beatles' 'Being for the Benefit of Mr. ___'KITE
64.3%
John who sang 'St. Elmo's Fire (Man in Motion)'PARR
53.3%
The Smiths and The The guitarist JohnnyMARR
48.2%

Today's Daily Dose

You're not logged in!

Compare scores with friends on all Sporcle quizzes.
OR
Log In

You Might Also Like...

Show Comments

Extras

Top Quizzes Today


Score Distribution

Your Account Isn't Verified!

In order to create a playlist on Sporcle, you need to verify the email address you used during registration. Go to your Sporcle Settings to finish the process.

Report this User

Report this user for behavior that violates our Community Guidelines.

Details: